zpět

Detail výsledku týmu

Pub Na Plech - Žižkov, Praha

Datum a čas kvízu

15.5 Celkem bodů Celkový počet nahraných bodů na tomto kvízu bez doplňovacích otázek.
6. Pořadí na kvízu Konečné umístění týmu na tomto kvízu.

Zaznamenané odpovědi

# Otázka Odpověď Body Výsledky
1. V Praze byl minulý týden na ve... z paluby Titaniku 0
2. Který výrobce nápojů se sídlem... Capri-Sun 0
3. Která zpěvačka oznámila svým f... Adele 0
4. Minulý týden jsme se dozvěděli... rýže 0
5. Ve středu byla poblíž sídla Če... Věra Čáslavská, David Černý 0.5
6. Který velmi rozlehlý stát byl... Austrálie 0
7. Pod kterým, dnes už spíše zast... Habeš 1
8. Napište bývalý název Bratislav... Prešpurk/Prešporok/Prešporek; 1919 (1914–1924) 0
9. Když Portugalci objevili jistý... Tchaj-wan 0
10. Zhruba rok po vyhlazení českýc... o Panamu 1